000 00360pab a2200145 454500
008 180718b2003 xxu||||| |||| 00| 0 eng d
100 _aBorocz, Jozsef
245 _aHungary: ambivalent resistance to EU
260 _c2003
300 _ap.283-84.
362 _a25 Jan
650 _aEuropean Union
773 _aEconomic and Political Weekly
909 _a55428
999 _c55428
_d55428